Euro a zahraniční platební styk

Základná podmienka fungovania menovej únie je zaistenie platobného styku v reálnom čase v celej zóne. Od 4.1.1999 funguje v rámci Európskej menovej únie niekoľko clearingových systémov, ktoré spĺňajú tieto podmienky: TARGET (Trans European Automated Real Time Gross Settlement Express Transfer System...

Full description

Saved in:
Bibliographic Details
Main Author: Šilha, Roman
Format: Book Chapter
Language:Czech
Subjects:
Tags: Add Tag
No Tags, Be the first to tag this record!

MARC

LEADER 00000naa a2200000 4500
001 r034656
005 20230929094247.2
041 0 |a cze 
044 |a CZ 
245 1 0 |a Euro a zahraniční platební styk  |c Roman Šilha 
520 |a Základná podmienka fungovania menovej únie je zaistenie platobného styku v reálnom čase v celej zóne. Od 4.1.1999 funguje v rámci Európskej menovej únie niekoľko clearingových systémov, ktoré spĺňajú tieto podmienky: TARGET (Trans European Automated Real Time Gross Settlement Express Transfer System), EBA (Euro Banking Association), EAF II (Euro Acces Frankfurt II). 
610 2 0 |a styk platobný medzinárodný 
610 2 0 |a euro 
610 2 0 |a klíring 
610 2 0 |a Európska menová únia 
610 2 0 |a TARGET 
610 2 0 |a EBA 
610 2 0 |a EAF II 
100 1 |a Šilha, Roman